000 00745nam a2200289Ia 4500
005 20260324133225.0
008 008 260324s9999 xx 000 0 eng d
020 _a9781315704838
037 _aEBOOK
040 _aCRL
040 _beng
040 _cCRL
041 _2eng
041 _aeng
084 _qCRL
100 _aFrank Horwitz; Peter Sloane; Harish C. Jain
_91192265
245 0 _aEmployment Equity and Affirmative Action: An International Comparison
245 3 _bAn International Comparison
260 _bTaylor and Francis
260 _c2003
365 _a
365 _b230
856 _uhttp://www.taylorfrancis.com/books/9781315704838
942 _cEBOOK
999 _c1791129
_d1791129